|
|
|
|
| LEADER |
01501nam a22002777a 4500 |
| 001 |
43051 |
| 003 |
BD-DhAAL |
| 008 |
240910r20142011bg a|||| |||| 00| 0 ben d |
| 020 |
|
|
|a 9789842001550
|
| 040 |
|
|
|a BD-DhAAL
|c BD-DhAAL
|
| 041 |
|
|
|a ben
|
| 082 |
|
|
|a 915.45204
|2 23
|
| 100 |
|
|
|a বড়ুয়া, জ্যোতি বিকাশ.
|9 19759
|
| 245 |
|
|
|a মুনল্যান্ড :
|b হিমাচল প্রদেশ ও লাদাখসহ জম্মু-কাশ্মীর ভ্রমণ /
|c জ্যোতি বিকাশ বড়ুয়া.
|
| 246 |
|
|
|a মুনল্যান্ড
|
| 246 |
|
|
|a Moonland
|
| 264 |
|
|
|a ঢাকা :
|b অ্যাডর্ন পাবলিকেশন,
|c ২০১১ [দ্বিতীয় মুদ্রণ ২০১৪].
|
| 300 |
|
|
|a ৬৩ পৃষ্ঠা :
|b চিত্র ;
|c ২২ সে.মি.
|
| 541 |
|
|
|a Donated by Jyoti Bikash Barua (author)
|e 43051
|
| 651 |
|
|
|a Himachal Pradesh (India)
|x Description and travel.
|9 56777
|
| 651 |
|
|
|a Ladākh (India)
|x Description and travel.
|9 56778
|
| 651 |
|
|
|a Jammu and Kashmir (India)
|x Description and travel.
|9 56779
|
| 852 |
|
|
|a Ayesha Abed Library
|c General Stacks
|
| 942 |
|
|
|2 ddc
|c BK
|
| 999 |
|
|
|c 46968
|d 46968
|
| 952 |
|
|
|0 0
|1 0
|2 ddc
|4 0
|6 915_452040000000000_BAR
|7 0
|9 76174
|a BRACUL
|b BRACUL
|c GEN
|d 2024-09-10
|e Donated by Jyoti Bikash Barua (author)
|g 120.00
|l 1
|m 6
|o 915.45204 BAR
|p 3010043051
|r 2025-05-24
|s 2025-04-17
|t 1
|w 2024-09-10
|y BK
|x Donated by Jyoti Bikash Barua (author)
|